| 000 | 00877nam a2200229Ii 4500 | ||
|---|---|---|---|
| 003 | JO-AjNU | ||
| 008 | 230605s9999||||xx |||||||||||||| ||und|| | ||
| 017 | _a2019/6/3289 | ||
| 020 | _a978-9923-20-035-3 | ||
| 040 |
_aJO-AjNU _bara _erda _cJO-AjNU |
||
| 041 | _aara | ||
| 050 | 1 | 4 | _aLB2801.T36.2020 |
| 100 | 3 |
_aالتميمي، رائد رمثان حسين؛ م.مشارك فاطمة عبيد ضيول الزيدي, _eauthor _959948 |
|
| 245 | 0 | 0 | _aالادارة والاشراف التربوي في التعليم الثانوي |
| 250 | _aط1 | ||
| 264 | 3 | 1 | _aعمان: الدار المنهجية للنشر والتوزيع، 2020 |
| 300 | _a286ص | ||
| 336 |
_atext _btxt _2rdacontent |
||
| 337 |
_aunmediated _bn _2rdamedia |
||
| 338 |
_avolume _bnc _2rdacarrier |
||
| 650 | 4 |
_aالادارة التعليمية-الاشراف التربوي-الادارة _959949 |
|
| 999 |
_aA27003 _c30571 _d30571 |
||